| 000 | 004830000a22001810004500 | ||
|---|---|---|---|
| 003 | MACL | ||
| 005 | 20160102135119.0 | ||
| 008 | 160102b xxu||||| |||| 00| 0 eng d | ||
| 040 |
_aMACL _cMACL |
||
| 041 | _aEnglish | ||
| 082 | _a659.109/CHA | ||
| 100 |
_aChandor, Peter _927136 |
||
| 245 | _aTeach Yourself Advertising and Publicity | ||
| 260 |
_bThe English Universities Press Ltd _c1961 _aLondon |
||
| 350 | _a6 | ||
| 650 |
_aTechnology _927137 |
||
| 942 |
_cBK _k659.1092/CHA _2ddc |
||
| 999 |
_c38578 _d38578 |
||